000 00498nam a2200205Ia 4500
003 OSt
005 20220924134959.0
006 a|||||r|||| 00| 0
007 ta
008 220923b |||||||| |||| 00| 0 ben d
024 _a288083
037 _cTextual
040 _aARTS
_cARTS
_bben
041 _2ben
_aben
082 _aDelta277N03x6, 157J9
245 0 _aBandhan o mukti
260 _c1959
942 _hDelta277N03x6, 157J9
_cTEXL
_2CC
999 _c439311
_d439311